Inserción de la información y documentación en la cooperación técnica horizontal centroamericana
Sugiere mecanismos para establecer una cooperación horizontal entre los países centroamericanos con respecto a la red regional de información socioeducativa - Hace un recuento de los orígenes y desarrollo de la red cuya coordinación esta a cargo del centro de documentación económica y social de Cent...
שמור ב:
| מחבר ראשי: | |
|---|---|
| פורמט: | Texto |
| יצא לאור: |
Guatemala:
UNESCO
|
| תגים: |
הוספת תג
אין תגיות, היה/י הראשונ/ה לתייג את הרשומה!
|
MARC
| LEADER | 00000 a a2200000 04500 | ||
|---|---|---|---|
| 001 | 20769 | ||
| 003 | |||
| 040 | |||
| 090 | |a 088500 | ||
| 100 | |a Laguzzi, Felinda | ||
| 245 | |a Inserción de la información y documentación en la cooperación técnica horizontal centroamericana | ||
| 260 | |a Guatemala: |b UNESCO | ||
| 300 | |a 18 p | ||
| 520 | |a Sugiere mecanismos para establecer una cooperación horizontal entre los países centroamericanos con respecto a la red regional de información socioeducativa - Hace un recuento de los orígenes y desarrollo de la red cuya coordinación esta a cargo del centro de documentación económica y social de Centroamérica (CEDESC) de la confederación universitaria centroamericana (CSUCA).Propone medios de normalización para establecer una compatibilidad entre los sistema de información que compones las unidades de apoyo a nivel nacional. Indica que la normalización se refiere a vocabularios controlados (TESAUROS), uso de microfichas, capacitación de personal y definición de perfiles de los usuarios. Hace referencias a las fuentes financieras de la Red | ||
| 999 | |c 10918 |d 10918 | ||
